LEADER 01088nam0 2200265 i 450 001 SUN0061108 005 20100111120000.0 100 $a20070918d1982 |0frec50 ba 101 $afre 102 $aIT 105 $a|||| ||||| 200 1 $aˆLes ‰vases de bronze de l'archaisme recent en Grande-Grece$fClaude Rolley 210 $aNaples$cCentre Jean Berard$d1982 215 $a117 p.$cill., tav.$d31 cm. 606 $aBronzi campani$xSec. 6. a. C$2FI$3SUNC021805 620 $dNapoli$3SUNL000005 676 $a739.5$v21 700 1$aRolley$b, Claude$3SUNV037900$0218409 712 $aCentre Jean Bérard$3SUNV000610$4650 801 $aIT$bSOL$c20181109$gRICA 912 $aSUN0061108 950 $aUFFICIO DI BIBLIOTECA DEL DIPARTIMENTO DI LETTERE E BENI CULTURALI$d07 CONS Ma 1933 $e07 67876 995 $aUFFICIO DI BIBLIOTECA DEL DIPARTIMENTO DI LETTERE E BENI CULTURALI$bIT-CE0103$h67876$kCONS Ma 1933$oc$qa 996 $aVases de bronze de l'archaisme récent en Grande Grèce$988394 997 $aUNICAMPANIA LEADER 01257nam--2200397---450- 001 990000953640203316 005 20090619122121.0 010 $a88-215-3050-7 035 $a0095364 035 $aUSA010095364 035 $a(ALEPH)000095364USA01 035 $a0095364 100 $a20020208h----1995km-y0itay0103----ba 101 $aita 102 $aIT 105 $a||||||||001yy 200 1 $a<> sfide del sovvenire$eil sostentamento economico della Chiesa a dieci anni dalla riforma concordataria$fLuigi Mistò (ed.) 210 $aCinisello Balsamo$cSan Paolo$h1995 215 $a220 p$d21 cm 225 2 $aUniverso teologia$v45 410 $12001$aUniverso teologia$v45 606 0 $aSostentamento del clero 606 0 $aConcordato del Laterano <1929>$xModifiche 676 $a262.142 702 1$aMISTO',$bLuigi 801 0$aIT$bsalbc$gISBD 912 $a990000953640203316 951 $aXXVIII.1.C 77 (IG XII 422)$b20745 G$cXXVIII.1.C 77 (IG XII)$d00233129 959 $aBK 969 $aGIU 979 $aPATTY$b90$c20020208$lUSA01$h1709 979 $c20020403$lUSA01$h1738 979 $aPATRY$b90$c20040406$lUSA01$h1706 979 $aRSIAV5$b90$c20090619$lUSA01$h1221 996 $aSfide del sovvenire$9973286 997 $aUNISA